[Event "XV Festival A"]
[Site "Cesenatico ITA"]
[Date "2011.09.03"]
[Round "1"]
[White "Cocchi, Andrea"]
[Black "Facchetti, Gianni"]
[WhiteElo "2297"]
[BlackElo "2086"]
[Result "1-0"]
[PlyCount "62"]
[EventDate "2011.09.03"]

1. Nf3 Nf6 2. c4 d6 3. Nc3 e5 4. g3 Be7 5. Bg2 Nbd7 6. d4 c6 7. e4 Qc7 8. O-O
O-O 9. Re1 a6 10. Be3 Re8 11. a4 a5 12. h3 exd4 13. Nxd4 Nc5 14. Nb3 Nxb3 15.
Qxb3 Nd7 16. f4 Nc5 17. Bxc5 dxc5 18. e5 Be6 19. Ne4 Rad8 20. Rad1 Rd4 21. Rxd4
cxd4 22. Rd1 Rd8 23. Kh2 h6 24. h4 b5 25. axb5 cxb5 26. Qxb5 Qxc4 27. Qxa5 Bd5
28. Nd6 Qb3 29. Qxd5 Qxd1 30. Qxf7+ Kh8 31. Ne8 Qe1 1-0

[Event "XV Festival A"]
[Site "Cesenatico ITA"]
[Date "2011.09.03"]
[Round "1"]
[White "Fedorchuk, Sergey A."]
[Black "Green, Andrew D."]
[WhiteElo "2635"]
[BlackElo "2161"]
[Result "1-0"]
[PlyCount "59"]
[EventDate "2011.09.03"]

1. e4 Nf6 2. e5 Nd5 3. d4 d6 4. Nf3 dxe5 5. Nxe5 c6 6. Nd2 Nd7 7. Ndf3 Nxe5 8.
Nxe5 g6 9. h4 Bg7 10. h5 Qc7 11. Qe2 b5 12. g3 Bb7 13. Bg2 a6 14. Bxd5 cxd5 15.
Bf4 Qb6 16. O-O-O Rc8 17. Kb1 b4 18. Rhe1 e6 19. Qg4 Bxe5 20. Bxe5 Rg8 21. Qf4
Qc6 22. Rd2 Qd7 23. Qh6 f5 24. Rde2 Rc6 25. f3 a5 26. hxg6 hxg6 27. Rh2 Bc8 28.
Reh1 Rb6 29. Qg5 Rb7 30. Rh8 1-0

[Event "XV Festival A"]
[Site "Cesenatico ITA"]
[Date "2011.09.03"]
[Round "1"]
[White "Friedrich, Norbert"]
[Black "Bemporad, Filippo"]
[WhiteElo "2311"]
[BlackElo "2093"]
[Result "1-0"]
[PlyCount "45"]
[EventDate "2011.09.03"]

1. e4 c5 2. Nf3 d6 3. c3 Nf6 4. Bd3 Nc6 5. Bc2 Bg4 6. d3 e6 7. Nbd2 d5 8. h3
dxe4 9. hxg4 exf3 10. Qxf3 Be7 11. g5 Ne5 12. Qxb7 Nd5 13. Nc4 Ng6 14. Qc6+ Kf8
15. d4 Rc8 16. Qa6 Nc7 17. Qb7 Kg8 18. Bxg6 fxg6 19. Ne5 Bd6 20. Nc6 Qe8 21.
dxc5 Bxc5 22. Be3 Bf8 23. Nxa7 1-0

[Event "XV Festival A"]
[Site "Cesenatico ITA"]
[Date "2011.09.03"]
[Round "1"]
[White "Giovanardi, Rino"]
[Black "Roeder, Matthias"]
[WhiteElo "2105"]
[BlackElo "2398"]
[Result "0-1"]
[PlyCount "62"]
[EventDate "2011.09.03"]

1. e4 c5 2. f4 d5 3. e5 Nh6 4. Nf3 Nc6 5. Be2 g6 6. Nc3 Bg7 7. d4 c4 8. b3 cxb3
9. axb3 O-O 10. O-O Bf5 11. Bd3 Rc8 12. Ne2 Qd7 13. c3 f6 14. Nh4 e6 15. h3
Bxd3 16. Qxd3 Nf7 17. Ba3 Rfe8 18. Nxg6 hxg6 19. Qxg6 Nh8 20. Qh5 Qf7 21. Qf3
Ng6 22. g4 fxe5 23. dxe5 Ncxe5 24. Qg3 Nd7 25. h4 Nf6 26. f5 exf5 27. gxf5 Rxe2
28. fxg6 Qe6 29. Rae1 Rxe1 30. Rxe1 Ne4 31. Qg2 Rxc3 0-1

[Event "XV Festival A"]
[Site "Cesenatico ITA"]
[Date "2011.09.03"]
[Round "1"]
[White "Gori, Andrea"]
[Black "Dittmar, Peter"]
[WhiteElo "2088"]
[BlackElo "2305"]
[Result "0-1"]
[PlyCount "77"]
[EventDate "2011.09.03"]

1. e4 c5 2. Nc3 Nc6 3. f4 g6 4. Nf3 Bg7 5. Bb5 Nd4 6. O-O a6 7. Bc4 e6 8. a4
Ne7 9. d3 d5 10. Ba2 O-O 11. Nxd4 cxd4 12. Ne2 b6 13. Qe1 dxe4 14. dxe4 Bb7 15.
Ng3 Rc8 16. Bb3 Nc6 17. Bd2 d3 18. c3 Na5 19. Ba2 Nc4 20. Bxc4 Rxc4 21. b3 Rc7
22. Rd1 b5 23. axb5 axb5 24. c4 bxc4 25. bxc4 Rxc4 26. Rf2 Qa8 27. e5 Rd8 28.
Be3 Bf8 29. Nf1 Be7 30. Bb6 Rd7 31. Ra1 Ra4 32. Rb1 Ra2 33. Rbb2 Rxb2 34. Rxb2
Qa4 35. Be3 Qc6 36. Qd2 Qd5 37. Ra2 Bb4 38. Qf2 Be1 39. Qxe1 0-1

[Event "XV Festival A"]
[Site "Cesenatico ITA"]
[Date "2011.09.04"]
[Round "2"]
[White "Barletta, Mauro"]
[Black "Stella, Andrea"]
[WhiteElo "2235"]
[BlackElo "2447"]
[Result "1/2-1/2"]
[PlyCount "156"]
[EventDate "2011.09.03"]

1. Nf3 Nf6 2. c4 e6 3. g3 b6 4. Bg2 Bb7 5. O-O Be7 6. Nc3 c5 7. d4 cxd4 8. Qxd4
d6 9. Bg5 a6 10. Bxf6 Bxf6 11. Qf4 Bxf3 12. Bxf3 Ra7 13. Ne4 Be7 14. Rad1 Rd7
15. Qe3 O-O 16. Nc3 Bg5 17. Qd3 Qc7 18. e3 Rc8 19. Rc1 Rdd8 20. b3 Nd7 21. Bg2
Be7 22. Ne2 Ne5 23. Qb1 Nc6 24. Rfd1 Bf6 25. Nf4 Qe7 26. Be4 g6 27. h4 Ne5 28.
Nd3 b5 29. Nxe5 Bxe5 30. cxb5 axb5 31. Rxc8 Rxc8 32. Rc1 Rxc1+ 33. Qxc1 d5 34.
Bd3 b4 35. Qc8+ Kg7 36. Qc2 h5 37. Kg2 Bf6 38. Kf1 d4 39. exd4 Bxd4 40. Qe2 Qf6
41. Kg2 Bc5 42. Qf3 Qd4 43. Bc4 Qe5 44. Qe2 Qxe2 45. Bxe2 e5 46. Kf3 f5 47. Bb5
Kf7 48. Bc4+ Ke7 49. Bd5 Bd4 50. Bc4 Bb2 51. Bd5 Bc1 52. Bc4 Bh6 53. Bd5 Bg7
54. Bc4 Bf6 55. Bd5 g5 56. hxg5 Bxg5 57. Bc4 Kf6 58. Kg2 Bd2 59. Kf3 e4+ 60.
Ke2 Bc1 61. Bd5 Kg5 62. Bc6 Bb2 63. Bd5 Be5 64. Bc6 Kg4 65. Bd7 Bf6 66. Be6 Kg5
67. Bd5 Bd8 68. Bc6 Bc7 69. Bd5 f4 70. Bxe4 fxg3 71. fxg3 Bxg3 72. Kf3 Bd6 73.
Kg2 Kf4 74. Bd5 Ke3 75. Kh3 Be7 76. Bf7 h4 77. Bc4 Bd8 78. Bf7 Kd4 1/2-1/2

[Event "XV Festival A"]
[Site "Cesenatico ITA"]
[Date "2011.09.04"]
[Round "2"]
[White "Dittmar, Peter"]
[Black "Mrdja, Milan"]
[WhiteElo "2305"]
[BlackElo "2402"]
[Result "0-1"]
[PlyCount "132"]
[EventDate "2011.09.03"]

1. c4 g6 2. g3 Bg7 3. Bg2 c5 4. Nc3 Nc6 5. Nf3 h5 6. d3 d6 7. a3 Qd7 8. Rb1 b6
9. Bd2 Bb7 10. Qa4 e6 11. b4 Nge7 12. bxc5 dxc5 13. Ne4 O-O 14. O-O Rad8 15.
Rfc1 Qc8 16. Bc3 e5 17. Bd2 f6 18. h4 Kh7 19. Qb3 Ba8 20. a4 Bh6 21. Bxh6 Kxh6
22. Qc3 Qc7 23. Ra1 Kg7 24. Qb2 a5 25. Rd1 Nb4 26. Ne1 Nf5 27. Nc2 Nxc2 28.
Qxc2 Nd4 29. Qb2 Nc6 30. Nc3 Nb4 31. Bxa8 Rxa8 32. Nd5 Qd6 33. e4 Rae8 34. Rd2
Kh7 35. Rf1 f5 36. f3 Re6 37. Qb3 Qd8 38. Rh2 Rf7 39. Qd1 Qf8 40. exf5 Rxf5 41.
Nc3 Rd6 42. Rd2 Qd8 43. Ne4 Rd4 44. g4 Rf4 45. Ng5+ Kh8 46. Ne6 Qxh4 47. Nxf4
Rxf4 48. gxh5 Qxh5 49. Rh2 Rh4 50. Rff2 Kg7 51. Qd2 g5 52. Qe3 Kf6 53. Re2 Nc6
54. f4 gxf4 55. Qe4 Nd4 56. Rxh4 Nxe2+ 57. Kf2 Qxh4+ 58. Kxe2 Qh2+ 59. Kf1 Qg3
60. Qc6+ Kg5 61. Qd5 f3 62. Qg8+ Kf4 63. Qf8+ Ke3 64. Qh6+ Kd4 65. Qd6+ Kc3 66.
Qd4+ cxd4 0-1

[Event "XV Festival A"]
[Site "Cesenatico ITA"]
[Date "2011.09.04"]
[Round "2"]
[White "Galdunts, Sergey"]
[Black "Schaefer, Michael"]
[WhiteElo "2462"]
[BlackElo "2244"]
[Result "1-0"]
[PlyCount "79"]
[EventDate "2011.09.03"]

1. e4 c5 2. Nf3 g6 3. c3 d5 4. exd5 Qxd5 5. d4 cxd4 6. cxd4 Bg7 7. Nc3 Qa5 8.
h3 Nf6 9. Bc4 O-O 10. O-O a6 11. Re1 b5 12. Bb3 Qd8 13. Qe2 Nc6 14. d5 Na5 15.
Qxe7 Qxe7 16. Rxe7 Nxb3 17. axb3 b4 18. Na4 Nxd5 19. Re1 Bf5 20. Nc5 a5 21. Rd1
Ne7 22. Nd4 Rfc8 23. Nb7 Rc7 24. Nd6 Bxd4 25. Rxd4 Be6 26. Bg5 Nc6 27. Rd3 Kg7
28. Ne4 Bf5 29. Bf6+ Kf8 30. Re3 Re8 31. Nd6 Re6 32. Rxe6 Bxe6 33. Rc1 Bd5 34.
Rc5 Bxb3 35. Nb5 Rc8 36. Nd6 Rc7 37. Nb5 Rc8 38. Nd4 Ba4 39. b3 Bxb3 40. Rxc6
1-0

[Event "XV Festival A"]
[Site "Cesenatico ITA"]
[Date "2011.09.04"]
[Round "2"]
[White "Gennari, Leone"]
[Black "Sreeves, Clement"]
[WhiteElo "2000"]
[BlackElo "2204"]
[Result "0-1"]
[PlyCount "66"]
[EventDate "2011.09.03"]

1. d4 Nf6 2. c4 g6 3. Nc3 Bg7 4. e4 d6 5. f3 O-O 6. Be3 c5 7. d5 a6 8. a4 e6 9.
Bd3 Re8 10. Nge2 exd5 11. cxd5 Nbd7 12. O-O Ne5 13. h3 Bd7 14. Rb1 b5 15. axb5
c4 16. Bc2 axb5 17. b4 cxb3 18. Rxb3 Qa5 19. Qb1 Nc4 20. Bc1 Rab8 21. Bd3 Rec8
22. Kh2 b4 23. Bxc4 Rxc4 24. Bd2 Re8 25. Na2 Nxd5 26. Bxb4 Qa6 27. Qd3 Ne3 28.
Qxe3 Qxa2 29. Nc1 Qa6 30. Qd3 Bb5 31. Bxd6 Rxc1 32. Rxb5 Rxf1 33. Qxf1 Qxd6+
0-1

[Event "XV Festival A"]
[Site "Cesenatico ITA"]
[Date "2011.09.04"]
[Round "2"]
[White "Petkov, Vladimir"]
[Black "Drei, Andrea"]
[WhiteElo "2511"]
[BlackElo "2260"]
[Result "1-0"]
[PlyCount "77"]
[EventDate "2011.09.03"]

1. d4 Nf6 2. c4 e6 3. Nc3 Bb4 4. e3 Ne4 5. Nge2 b6 6. f3 Nxc3 7. bxc3 Ba5 8.
Bd2 c5 9. Ng3 O-O 10. Bd3 Ba6 11. O-O Nc6 12. Qc2 g6 13. f4 f5 14. d5 Ne7 15.
e4 fxe4 16. Nxe4 exd5 17. cxd5 c4 18. Be2 Nxd5 19. f5 b5 20. a4 Bb6+ 21. Kh1
Ne3 22. Bxe3 Bxe3 23. fxg6 Qe7 24. Rf7 Rxf7 25. gxf7+ Qxf7 26. Rf1 Qg7 27. Nf6+
Kh8 28. Qe4 Rf8 29. Qxe3 Bb7 30. Rf2 Qg6 31. Qd4 Bxg2+ 32. Rxg2 Qxf6 33. Rf2
Qxd4 34. Rxf8+ Kg7 35. cxd4 Kxf8 36. axb5 d5 37. Kg2 Ke7 38. Kf3 Kd6 39. Kf4
1-0

[Event "XV Festival A"]
[Site "Cesenatico ITA"]
[Date "2011.09.04"]
[Round "2"]
[White "Roeder, Matthias"]
[Black "Mauro, Alan"]
[WhiteElo "2398"]
[BlackElo "2194"]
[Result "1-0"]
[PlyCount "71"]
[EventDate "2011.09.03"]

1. Nf3 g6 2. c4 Bg7 3. d4 d6 4. Nc3 Nc6 5. d5 Na5 6. Bd2 c5 7. e4 Nf6 8. a3 b6
9. b4 Nb7 10. Bd3 O-O 11. h3 e5 12. g4 Bd7 13. b5 Ne8 14. Rb1 a6 15. a4 axb5
16. cxb5 Qc7 17. Be3 c4 18. Bc2 Nc5 19. Rb4 Nd3+ 20. Bxd3 cxd3 21. Qxd3 Rc8 22.
Rb3 f5 23. Ng5 fxg4 24. hxg4 Bxg4 25. Nxh7 Rf4 26. Ng5 Qe7 27. Ne6 Bxe6 28.
dxe6 Rh4 29. Rxh4 Qxh4 30. Nd5 Kh7 31. Bd2 Bh6 32. Bxh6 Qh1+ 33. Ke2 Qh5+ 34.
Qf3 Qxh6 35. Qh3 Rc2+ 36. Kf1 1-0

[Event "XV Festival A"]
[Site "Cesenatico ITA"]
[Date "2011.09.04"]
[Round "2"]
[White "Spornberger, Maximilian"]
[Black "Korneev, Oleg"]
[WhiteElo "2202"]
[BlackElo "2580"]
[Result "0-1"]
[PlyCount "56"]
[EventDate "2011.09.03"]

1. e4 c5 2. Nc3 e6 3. f4 d5 4. Nf3 a6 5. g3 Nc6 6. Bg2 Nge7 7. d3 g6 8. O-O Bg7
9. Qe2 O-O 10. Nd1 b5 11. Nf2 Bb7 12. g4 f5 13. c3 fxe4 14. dxe4 d4 15. Ng5
dxc3 16. Be3 cxb2 17. Rad1 Qc8 18. e5 Nd4 19. Bxd4 Bxg2 20. Kxg2 cxd4 21. Rxd4
Nd5 22. Qd2 Qc6 23. Kg1 Rad8 24. Nf3 Nxf4 25. Qxf4 Rxf4 26. Rxd8+ Rf8 27. Nd4
Qb6 28. Rd6 Qxd6 0-1

[Event "XV Festival A"]
[Site "Cesenatico ITA"]
[Date "2011.09.04"]
[Round "2"]
[White "Sveshnikov, Vladimir"]
[Black "Lain, Luigi"]
[WhiteElo "2412"]
[BlackElo "2234"]
[Result "1-0"]
[PlyCount "115"]
[EventDate "2011.09.03"]

1. d4 Nf6 2. Nf3 e6 3. c4 b6 4. g3 Bb7 5. Bg2 Bb4+ 6. Bd2 Bxd2+ 7. Nbxd2 O-O 8.
O-O d6 9. Qc2 c5 10. e3 Nbd7 11. Rfd1 Qc7 12. b3 Rfd8 13. e4 cxd4 14. Nxd4 a6
15. Rac1 Rac8 16. Nb1 Ne5 17. Nc3 Qb8 18. Qe2 Qa8 19. h3 Ned7 20. Qe3 Nc5 21.
Re1 h6 22. Rcd1 Re8 23. Nc2 Rcd8 24. b4 Ncd7 25. Rxd6 Ne5 26. Rxd8 Rxd8 27. Bf1
Rd2 28. Na3 Qd8 29. Be2 Qd4 30. Qxd4 Rxd4 31. f4 Nd3 32. Rd1 Nxe4 33. Nxe4 Bxe4
34. c5 bxc5 35. bxc5 Kf8 36. c6 Ke7 37. c7 Kd7 38. Nc2 Rd5 39. Ne3 Rd4 40. Nc2
Rd5 41. Ne3 Rd4 42. Ng4 Kxc7 43. Nf2 Nxf4 44. gxf4 Ra4 45. Rc1+ Kb6 46. Rc4
Rxc4 47. Bxc4 Bd5 48. Bxd5 exd5 49. Nd3 Kb5 50. Kf2 Kc4 51. Ne5+ Kb4 52. Nxf7
Ka3 53. Nxh6 Kxa2 54. Nf5 Kb2 55. Nxg7 a5 56. f5 d4 57. f6 d3 58. Nf5 1-0

[Event "XV Festival A"]
[Site "Cesenatico ITA"]
[Date "2011.09.05"]
[Round "3"]
[White "Boraso, Alessio"]
[Black "De Filomeno, Simone"]
[WhiteElo "1960"]
[BlackElo "2293"]
[Result "0-1"]
[PlyCount "106"]
[EventDate "2011.09.03"]

1. d4 d5 2. c4 e6 3. Nc3 Nf6 4. Bg5 c6 5. e3 Nbd7 6. cxd5 exd5 7. Bd3 Be7 8.
Nf3 Ne4 9. Bxe4 Bxg5 10. Nxg5 Qxg5 11. Bf3 O-O 12. O-O f5 13. b4 Nf6 14. b5 Ne4
15. Ne2 Kh8 16. Rc1 Bd7 17. Nf4 Qh6 18. Nd3 cxb5 19. Ne5 Bc6 20. Bxe4 fxe4 21.
Rc5 Rad8 22. Qc2 Rd6 23. Rc1 Qf6 24. Qd2 Qe6 25. Qc3 Rf6 26. Rc2 Qe8 27. Rc1
Kg8 28. h3 Qh5 29. Qd2 Qf5 30. R1c2 h5 31. Qe2 Rh6 32. Qd1 Rhf6 33. Qe2 Qg5 34.
Kh2 Qh4 35. a3 Kh7 36. R5c3 Rf5 37. g3 Qf6 38. Kg2 Kg8 39. Qd1 b4 40. Rxc6 bxc6
41. axb4 Qf8 42. Ra2 Rdf6 43. Qc2 Rxf2+ 44. Qxf2 Rxf2+ 45. Rxf2 Qxb4 46. Nxc6
Qa3 47. Rf5 g6 48. Rf6 Kg7 49. Re6 Qxe3 50. Ne5 Qd2+ 51. Kf1 e3 52. Re7+ Kf6
53. Rf7+ Ke6 0-1

[Event "XV Festival A"]
[Site "Cesenatico ITA"]
[Date "2011.09.05"]
[Round "3"]
[White "Cocchi, Andrea"]
[Black "Gaiba, Paolo"]
[WhiteElo "2297"]
[BlackElo "2063"]
[Result "1-0"]
[PlyCount "53"]
[EventDate "2011.09.03"]

1. e4 e5 2. Nf3 Nc6 3. Bb5 Bc5 4. O-O d6 5. c3 a6 6. Bxc6+ bxc6 7. d4 exd4 8.
cxd4 Bb6 9. h3 Ne7 10. Nbd2 O-O 11. Nc4 Ba7 12. Re1 d5 13. exd5 cxd5 14. Nce5
Bb6 15. b3 Be6 16. Ba3 Re8 17. Ng5 Nf5 18. Qh5 Nh6 19. Rad1 f6 20. Nc6 Qd7 21.
Nxe6 Qxc6 22. Nf4 Nf7 23. Nxd5 g6 24. Qf3 Kg7 25. Be7 Rxe7 26. Rxe7 Rd8 27.
Nxc7 1-0

[Event "XV Festival A"]
[Site "Cesenatico ITA"]
[Date "2011.09.05"]
[Round "3"]
[White "Drei, Andrea"]
[Black "Zucconi, Leandro"]
[WhiteElo "2260"]
[BlackElo "2060"]
[Result "1-0"]
[PlyCount "60"]
[EventDate "2011.09.03"]

1. e4 e6 2. d4 d5 3. Nc3 dxe4 4. Nxe4 Nd7 5. Nf3 Ngf6 6. Bd3 Nxe4 7. Bxe4 Nf6
8. Bg5 Qd6 9. Bxf6 gxf6 10. Qe2 Be7 11. O-O-O f5 12. Bd3 Bd7 13. Ne5 h5 14.
Rhe1 c6 15. Kb1 Kf8 16. c4 Be8 17. d5 Qc7 18. dxe6 fxe6 19. Nf3 Bf7 20. Nd4 Rh6
21. Qe3 Rf6 22. f4 Bd6 23. g3 Rd8 24. c5 Be7 25. Bc4 Rd5 26. Bxd5 cxd5 27. Rc1
Rh6 28. c6 Bf6 29. Nxe6+ Bxe6 30. Qxe6 Qd8 1-0

[Event "XV Festival A"]
[Site "Cesenatico ITA"]
[Date "2011.09.05"]
[Round "3"]
[White "Elbert, Gebhard"]
[Black "Dittmar, Peter"]
[WhiteElo "1992"]
[BlackElo "2305"]
[Result "0-1"]
[PlyCount "58"]
[EventDate "2011.09.03"]

1. d4 d5 2. Nf3 c5 3. e3 cxd4 4. exd4 Nf6 5. Bd3 Nc6 6. c3 Qc7 7. Qc2 Bg4 8.
Nbd2 e6 9. O-O Bd6 10. Re1 O-O 11. Bb5 Bf5 12. Qa4 a6 13. Bxc6 bxc6 14. Nf1 Be4
15. Ng5 Bg6 16. Ng3 h6 17. Nf3 Ng4 18. Nh4 Bh7 19. Qd1 Nf6 20. Nf3 Rfb8 21. Ne5
c5 22. Nh5 Nxh5 23. Qxh5 cxd4 24. cxd4 Rb4 25. Be3 Bxe5 26. dxe5 Rxb2 27. Qg4
Qc4 28. Qg3 Bg6 29. f4 Be4 0-1

[Event "XV Festival A"]
[Site "Cesenatico ITA"]
[Date "2011.09.05"]
[Round "3"]
[White "Fedorchuk, Sergey A."]
[Black "Roeder, Matthias"]
[WhiteElo "2635"]
[BlackElo "2398"]
[Result "1/2-1/2"]
[PlyCount "46"]
[EventDate "2011.09.03"]

1. e4 c5 2. Nf3 d6 3. d4 cxd4 4. Nxd4 Nf6 5. Nc3 a6 6. h3 e6 7. Qf3 Qb6 8. Nb3
Nc6 9. g4 Qc7 10. Bg2 h6 11. O-O Ne5 12. Qg3 g5 13. f4 gxf4 14. Bxf4 Nfd7 15.
Rf2 b6 16. Nc1 Bb7 17. Nd3 O-O-O 18. a4 Be7 19. Qe3 Bh4 20. Rff1 Nc4 21. Qe2 h5
22. gxh5 Rdg8 23. Kh1 f5 1/2-1/2

[Event "XV Festival A"]
[Site "Cesenatico ITA"]
[Date "2011.09.05"]
[Round "3"]
[White "Korneev, Oleg"]
[Black "Wlodarczyk, Robert"]
[WhiteElo "2580"]
[BlackElo "2264"]
[Result "1-0"]
[PlyCount "101"]
[EventDate "2011.09.03"]

1. e4 e5 2. Nf3 Nc6 3. Bb5 Nf6 4. O-O Nxe4 5. d4 Nd6 6. Bxc6 dxc6 7. dxe5 Nf5
8. Qxd8+ Kxd8 9. Nc3 Ke8 10. h3 Be7 11. g4 Nh4 12. Nxh4 Bxh4 13. Kg2 h5 14. f3
Be6 15. Be3 b6 16. b3 a5 17. a4 c5 18. Rfd1 Rd8 19. Nb5 Rd7 20. c4 Kd8 21. Nc3
Kc8 22. Rxd7 Bxd7 23. Bf2 Bd8 24. Re1 Rh6 25. Nd5 hxg4 26. hxg4 Be6 27. Nf4 Bd7
28. Nd5 Be6 29. Bg3 Bd7 30. Rh1 Rxh1 31. Kxh1 Bc6 32. Kg2 Bd7 33. Be1 Be6 34.
Bc3 g6 35. Kg3 Bg5 36. f4 Bh6 37. f5 gxf5 38. gxf5 Bd7 39. Kf3 Kd8 40. Ke4 Bc1
41. Be1 Bg5 42. Bg3 Kc8 43. Bf4 Bh4 44. Bh6 Bg3 45. Ne7+ Kb7 46. Bg5 c6 47. Ng8
Kc7 48. Bf4 Bxf4 49. Kxf4 Kd8 50. Kg5 Ke8 51. Nf6+ 1-0

[Event "XV Festival A"]
[Site "Cesenatico ITA"]
[Date "2011.09.05"]
[Round "3"]
[White "Mrdja, Milan"]
[Black "Petkov, Vladimir"]
[WhiteElo "2402"]
[BlackElo "2511"]
[Result "0-1"]
[PlyCount "64"]
[EventDate "2011.09.03"]

1. e4 e5 2. Nf3 Nc6 3. Bb5 Nf6 4. d3 Bc5 5. c3 O-O 6. O-O d6 7. Nbd2 Bd7 8. Ba4
a6 9. Bc2 Ba7 10. Nc4 Be6 11. h3 Nxe4 12. Ne3 Nf6 13. d4 exd4 14. cxd4 d5 15.
Nf5 Ne4 16. Ng3 f5 17. Ne2 Bf7 18. Ne1 Qf6 19. Be3 Rfe8 20. Bb3 Rad8 21. Rc1 g5
22. f4 g4 23. hxg4 fxg4 24. Nd3 Qh4 25. Rxc6 bxc6 26. Ne5 g3 27. Nf3 Qg4 28.
Qc1 Nd6 29. Re1 Nf5 30. Bd2 Rxe2 31. Rxe2 Nxd4 32. Nxd4 Qxe2 0-1

[Event "XV Festival A"]
[Site "Cesenatico ITA"]
[Date "2011.09.05"]
[Round "3"]
[White "Sreeves, Clement"]
[Black "Sveshnikov, Vladimir"]
[WhiteElo "2204"]
[BlackElo "2412"]
[Result "1/2-1/2"]
[PlyCount "53"]
[EventDate "2011.09.03"]

1. e4 c5 2. Nf3 Nc6 3. d4 cxd4 4. Nxd4 e5 5. Nb5 d6 6. N1c3 a6 7. Na3 Be7 8.
Nc4 b5 9. Ne3 Nf6 10. Bd3 O-O 11. O-O Nb4 12. a4 bxa4 13. Rxa4 a5 14. Bc4 Nd7
15. Ncd5 Nc5 16. Ra3 Be6 17. Nf5 Bf6 18. Rh3 Nxe4 19. Qh5 h6 20. Nde7+ Bxe7 21.
Nxh6+ gxh6 22. Qxh6 Bxh3 23. Qg6+ Kh8 24. Qh6+ Kg8 25. Qg6+ Kh8 26. Qh6+ Kg8
27. Qg6+ 1/2-1/2

[Event "XV Festival A"]
[Site "Cesenatico ITA"]
[Date "2011.09.05"]
[Round "3"]
[White "Stella, Andrea"]
[Black "Naumkin, Igor"]
[WhiteElo "2447"]
[BlackElo "2473"]
[Result "1/2-1/2"]
[PlyCount "63"]
[EventDate "2011.09.03"]

1. g3 e5 2. Bg2 Nf6 3. d4 c6 4. c4 exd4 5. Qxd4 d5 6. Nf3 Be7 7. cxd5 cxd5 8.
O-O Nc6 9. Qa4 O-O 10. Nc3 Be6 11. Be3 Qd7 12. Rfd1 Rfd8 13. Ne1 Rac8 14. Rac1
h6 15. Rc2 Qe8 16. Rcd2 Bb4 17. Nd3 Bxc3 18. bxc3 b6 19. Nf4 Na5 20. Qxe8+ Rxe8
21. Nxd5 Bxd5 22. Bxd5 Rxc3 23. Bg2 Rcc8 24. Bh3 Rc7 25. Rd8 Rce7 26. Rxe8+
Rxe8 27. Rc1 Kf8 28. Kf1 Re4 29. Rc8+ Re8 30. Rc1 Re4 31. Rc8+ Re8 32. Rc1
1/2-1/2

[Event "XV Festival A"]
[Site "Cesenatico ITA"]
[Date "2011.09.06"]
[Round "4"]
[White "Barletta, Mauro"]
[Black "Fedorchuk, Sergey A."]
[WhiteElo "2235"]
[BlackElo "2635"]
[Result "0-1"]
[PlyCount "86"]
[EventDate "2011.09.03"]

1. Nf3 Nf6 2. c4 e6 3. g3 a6 4. Bg2 b5 5. b3 Bb7 6. O-O c5 7. Nc3 Qb6 8. e3 Nc6
9. Qe2 Na7 10. d3 Be7 11. Bb2 O-O 12. Rfd1 Rab8 13. Rd2 Rfc8 14. Ne5 d6 15.
Bxb7 Qxb7 16. Ng4 Ne8 17. f4 Rd8 18. Qg2 f5 19. Qxb7 Rxb7 20. Nf2 Nc6 21. Rad1
Nc7 22. Ne2 d5 23. Bc3 Na8 24. cxd5 exd5 25. Kg2 Nb6 26. Kf3 a5 27. Ba1 a4 28.
g4 Rf8 29. gxf5 Rxf5 30. e4 Rf8 31. exd5 Nxd5 32. Rg1 Bd6 33. Nh3 axb3 34. axb3
Re7 35. Rg5 Ncb4 36. Kg2 g6 37. Bb2 Rfe8 38. Be5 Bxe5 39. fxe5 Rf8 40. Kg3 Ne3
41. Kh4 Nf5+ 42. Kg4 Rxe5 43. Nhf4 Ne3+ 0-1

[Event "XV Festival A"]
[Site "Cesenatico ITA"]
[Date "2011.09.06"]
[Round "4"]
[White "De Filomeno, Simone"]
[Black "MacQueen, Calum"]
[WhiteElo "2293"]
[BlackElo "2158"]
[Result "1-0"]
[PlyCount "71"]
[EventDate "2011.09.03"]

1. e4 c5 2. Nf3 d6 3. d4 cxd4 4. Qxd4 Bd7 5. Bg5 Nc6 6. Qd2 Nf6 7. Bd3 e6 8. c4
Be7 9. Nc3 a6 10. O-O O-O 11. Be2 Ne5 12. Rfd1 Bc6 13. Bxf6 Bxf6 14. Qxd6 Nxf3+
15. Bxf3 Qa5 16. Qd2 Rfd8 17. Qc2 Bxc3 18. Qxc3 Qxc3 19. bxc3 e5 20. Kf1 Kf8
21. Ke2 Ke7 22. Ke3 Rxd1 23. Rxd1 Rc8 24. g3 Rc7 25. Be2 f6 26. f4 Rc8 27. Bg4
Rc7 28. fxe5 fxe5 29. c5 Bd7 30. Bxd7 Rxd7 31. Rxd7+ Kxd7 32. Kd3 Kc7 33. Kc4
Kc6 34. g4 g5 35. h3 h6 36. a3 1-0

[Event "XV Festival A"]
[Site "Cesenatico ITA"]
[Date "2011.09.06"]
[Round "4"]
[White "Dittmar, Peter"]
[Black "Galassi, Federico"]
[WhiteElo "2305"]
[BlackElo "2176"]
[Result "1-0"]
[PlyCount "65"]
[EventDate "2011.09.03"]

1. e4 d6 2. d4 Nf6 3. Nc3 g6 4. Nf3 Bg7 5. Be2 O-O 6. O-O c6 7. a4 Nbd7 8. Re1
Qc7 9. a5 e5 10. h3 Re8 11. dxe5 dxe5 12. Bc4 Nf8 13. Ng5 Ne6 14. Nxe6 Bxe6 15.
Bxe6 Rxe6 16. Be3 Nd7 17. Qe2 Rd6 18. Qc4 Qd8 19. Red1 Nf8 20. Rxd6 Qxd6 21.
Rd1 Qc7 22. a6 b6 23. Nd5 Qd6 24. Qxc6 Qxc6 25. Ne7+ Kh8 26. Nxc6 Bf6 27. Bh6
Ne6 28. Rd7 Kg8 29. b4 Rc8 30. Nxa7 Rc7 31. Rxc7 Nxc7 32. b5 g5 33. h4 1-0

[Event "XV Festival A"]
[Site "Cesenatico ITA"]
[Date "2011.09.06"]
[Round "4"]
[White "Facchetti, Gianni"]
[Black "Mrdja, Milan"]
[WhiteElo "2086"]
[BlackElo "2402"]
[Result "0-1"]
[PlyCount "122"]
[EventDate "2011.09.03"]

1. e4 c5 2. Nf3 d6 3. d4 cxd4 4. Qxd4 Nc6 5. Bb5 Bd7 6. Bxc6 Bxc6 7. c4 f5 8.
exf5 Qa5+ 9. Nc3 Qxf5 10. Nd5 e5 11. Qd1 Rc8 12. O-O Nf6 13. Re1 Bxd5 14. cxd5
Qc2 15. Qd4 b6 16. Qh4 Qc4 17. Qh3 Qg4 18. Qxg4 Nxg4 19. Be3 Be7 20. Re2 Kd7
21. Rd1 Rc7 22. h3 Nf6 23. Ne1 Rhc8 24. g4 h6 25. Kg2 Nh7 26. Rdd2 Bg5 27. Nf3
Bxe3 28. Rxe3 Rc2 29. Ree2 Rxd2 30. Rxd2 Nf6 31. Nh4 Rc5 32. Nf5 Nxd5 33. Nxg7
Nf4+ 34. Kg3 Rc1 35. Nf5 d5 36. Kh2 h5 37. gxh5 Ke6 38. Ne3 d4 39. Ng4 Nxh5 40.
Re2 Rc5 41. Rd2 Kf5 42. f3 a5 43. Kg2 b5 44. Kf2 b4 45. Nh6+ Ke6 46. Ng4 a4 47.
h4 b3 48. axb3 axb3 49. Ke1 Nf4 50. Kd1 Ra5 51. Ke1 Ra1+ 52. Kf2 Rb1 53. Kg3
Rg1+ 54. Kh2 Rc1 55. Nf2 Rc2 56. Ne4 Nh5 57. Kg2 Nf6 58. Rxc2 bxc2 59. Nc5+ Kf5
60. Nd3 e4 61. fxe4+ Kxe4 0-1

[Event "XV Festival A"]
[Site "Cesenatico ITA"]
[Date "2011.09.06"]
[Round "4"]
[White "Galdunts, Sergey"]
[Black "Sreeves, Clement"]
[WhiteElo "2462"]
[BlackElo "2204"]
[Result "1/2-1/2"]
[PlyCount "35"]
[EventDate "2011.09.03"]

1. e4 c5 2. Nf3 d6 3. d4 cxd4 4. Qxd4 a6 5. Bg5 h6 6. Bh4 Nc6 7. Qd2 g5 8. Bg3
Bg7 9. c3 Nf6 10. Bd3 O-O 11. O-O Nh5 12. Na3 b5 13. Nc2 Qb6 14. Ne3 Nxg3 15.
hxg3 e6 16. Rfd1 Rd8 17. Qe2 Bb7 18. Rac1 1/2-1/2

[Event "XV Festival A"]
[Site "Cesenatico ITA"]
[Date "2011.09.06"]
[Round "4"]
[White "Naumkin, Igor"]
[Black "Mauro, Alan"]
[WhiteElo "2473"]
[BlackElo "2194"]
[Result "1-0"]
[PlyCount "71"]
[EventDate "2011.09.03"]

1. d4 g6 2. c4 Bg7 3. e4 d6 4. Nc3 Nc6 5. d5 Nd4 6. Be3 c5 7. Nge2 Nxe2 8. Bxe2
Nf6 9. O-O O-O 10. Qd2 a6 11. a4 Rb8 12. Bh6 Bg4 13. f3 Bd7 14. Bxg7 Kxg7 15.
f4 Qa5 16. e5 Ne8 17. Ra3 Qc7 18. Ne4 Bf5 19. Ng3 e6 20. Re3 Qb6 21. a5 Qb4 22.
Qxb4 cxb4 23. Rb3 exd5 24. Nxf5+ gxf5 25. cxd5 Nc7 26. exd6 Nxd5 27. Bf3 Nxf4
28. Rxb4 Nd3 29. Rxb7 Kf6 30. Rc7 Nxb2 31. Rc6 Rfd8 32. Rxa6 Nc4 33. d7+ Ke7
34. Re1+ Kf8 35. Bc6 Nd6 36. Rb6 1-0